[Event "258th YMCA Spring B"]
[Site "Warsaw"]
[Date "2022.05.18"]
[Round "5"]
[White "Sloniewska, Alicja"]
[Black "Basiaga, Sebastian"]
[Result "1/2-1/2"]
[WhiteElo "1757"]
[BlackElo "1740"]
[PlyCount "51"]
[EventDate "2022.04.07"]
[EventType "tourn"]
[EventRounds "1"]
[EventCountry "POL"]
[SourceDate "2022.04.05"]

1. d4 c5 2. d5 Nf6 3. c4 b5 4. cxb5 a6 5. b6 e6 6. Nc3 exd5 7. Nxd5 Nxd5 8.
Qxd5 Nc6 9. Nf3 Bb7 10. Bf4 Qxb6 11. O-O-O Nd4 12. Qe5+ Ne6 13. e3 Be7 14. Rd2
Nxf4 15. Qxf4 O-O 16. Bc4 Bf6 17. Ne5 Rad8 18. Rhd1 Bc6 19. b3 d5 20. Bxd5 Bxd5
21. Rxd5 Rxd5 22. Rxd5 Qa5 23. Kb2 Re8 24. Qf5 Qe1 25. Qd7 Rf8 26. Qf5 1/2-1/2

[Event "258th YMCA Spring B"]
[Site "Warsaw"]
[Date "2022.05.05"]
[Round "5"]
[White "Sypula, Krzysztof"]
[Black "Pichurko, Jakub"]
[Result "1-0"]
[WhiteElo "1675"]
[BlackElo "1818"]
[PlyCount "159"]
[EventDate "2022.04.07"]
[EventType "tourn"]
[EventRounds "1"]
[EventCountry "POL"]
[SourceDate "2022.04.05"]

1. c4 c6 2. Nf3 d5 3. e3 Nf6 4. Nc3 e6 5. d4 a6 6. c5 Nbd7 7. Bd3 Qe7 8. O-O g6
9. Re1 Bg7 10. e4 dxe4 11. Bxe4 O-O 12. Bf4 Re8 13. Qd2 Qd8 14. Rad1 Nd5 15.
Bxd5 cxd5 16. b4 Nb8 17. Na4 Nd7 18. Ne5 Nxe5 19. Bxe5 Bxe5 20. Rxe5 Bd7 21.
Nb6 Rb8 22. a4 Kg7 23. h4 h5 24. g3 Qc7 25. Rb1 Rbd8 26. Ree1 Bc8 27. f4 f6 28.
Qg2 Bd7 29. Re2 Rf8 30. Rbe1 Rde8 31. Qf3 Rh8 32. Qd3 Kf7 33. Rb2 Rhg8 34. b5
axb5 35. Nxd7 Qxd7 36. Qxb5 Qxb5 37. Rxb5 Re7 38. Reb1 Ra8 39. R1b4 Ra7 40. Kf2
Rd7 41. Ke3 Ke7 42. Rb6 Rc7 43. Kd3 Rd7 44. Kc3 Rc7 45. Kb3 Rd7 46. Kc3 Rc7 47.
Rb2 Kd7 48. Re2 Rc6 $11 49. Kb4 Ke7 50. a5 Kd7 51. Ka4 Ke7 52. Reb2 Rc7 53. Rd6
Kf7 54. Rbb6 Re7 55. Kb5 Ra8 56. a6 bxa6+ 57. Rxa6 Rb8+ 58. Rdb6 Rc8 59. Ra2
Rec7 60. Re2 Re8 61. c6 Ke7 62. Rb7 Kd6 63. Rxc7 Kxc7 64. Kc5 g5 65. f5 gxh4
66. gxh4 e5 67. dxe5 fxe5 68. Kxd5 Rd8+ 69. Ke6 Rd6+ 70. Kf7 Kxc6 71. Rxe5 Rd4
72. f6 Rxh4 73. Ke8 Rf4 74. f7 Kd6 75. Rxh5 Re4+ 76. Kf8 Ke6 77. Ra5 Rg4 78.
Ke8 Rb4 79. Ra6+ Kd5 80. f8=Q 1-0

[Event "258th YMCA Spring B"]
[Site "Warsaw"]
[Date "2022.05.06"]
[Round "5"]
[White "Kuc, Mariusz"]
[Black "Nocek, Dominik"]
[Result "0-1"]
[WhiteElo "1747"]
[BlackElo "1553"]
[PlyCount "74"]
[EventDate "2022.04.07"]
[EventType "tourn"]
[EventRounds "1"]
[EventCountry "POL"]
[SourceDate "2022.04.05"]

1. f4 f5 2. Nf3 Nf6 3. c4 e6 4. e3 Be7 5. Nc3 b6 6. Be2 Bb7 7. O-O O-O 8. Rb1
c5 9. d4 Ne4 10. Bd2 d6 11. Be1 Nd7 12. b4 cxb4 13. Rxb4 Ndf6 14. Nxe4 Nxe4 15.
Rb3 Bf6 16. Qb1 Qd7 17. Nd2 Rac8 18. Bd3 Nxd2 19. Bxd2 Qf7 20. Qd1 Qg6 21. Qe2
Rc7 22. a4 Rb8 23. Bb4 Rd7 24. Rbb1 Bc6 25. Bc3 Rdb7 26. Qc2 h5 27. Ba1 d5 28.
c5 bxc5 29. Rxb7 Rxb7 30. Qxc5 Qe8 31. Rc1 Bxa4 32. Bxf5 exf5 33. Qxd5+ Rf7 34.
Rc7 Qxe3+ 35. Kf1 Qd3+ 36. Kg1 Qe3+ 37. Kf1 Qxf4+ 0-1

[Event "258th YMCA Spring B"]
[Site "Warsaw"]
[Date "2022.05.04"]
[Round "5"]
[White "Milczarek, Robert"]
[Black "Szukalski, Antoni"]
[Result "1/2-1/2"]
[WhiteElo "1664"]
[BlackElo "1724"]
[PlyCount "58"]
[EventDate "2022.04.07"]
[EventType "tourn"]
[EventRounds "1"]
[EventCountry "POL"]
[SourceDate "2022.04.05"]

1. d4 d5 2. c4 c6 3. Nf3 Nf6 4. e3 Bf5 5. Nc3 e6 6. Nh4 Bg6 7. Nxg6 hxg6 8. Bd3
dxc4 9. Bxc4 Nbd7 10. h3 Nd5 11. e4 Nxc3 12. bxc3 Nf6 13. Qe2 Qa5 14. Bd2 Be7
15. Rb1 b5 16. Bb3 Qd8 17. O-O O-O 18. g4 c5 19. dxc5 Nxe4 20. Qxe4 Qxd2 21.
Rfd1 Qxc3 22. Rbc1 Qxh3 23. c6 Bg5 24. Rd3 Qxd3 25. Qxd3 Bxc1 26. Qxb5 Bf4 27.
Qb7 Rfb8 28. Qd7 Rd8 29. Qb7 Rdb8 1/2-1/2

[Event "258th YMCA Spring B"]
[Site "Warsaw"]
[Date "2022.05.05"]
[Round "5"]
[White "Matyszkiewicz, Wiktor"]
[Black "Kacprzak, Karol"]
[Result "1-0"]
[WhiteElo "1769"]
[BlackElo "1705"]
[PlyCount "67"]
[EventDate "2022.04.07"]
[EventType "tourn"]
[EventRounds "1"]
[EventCountry "POL"]
[SourceDate "2022.04.05"]

1. e4 c6 2. d4 d5 3. exd5 cxd5 4. Bd3 Nf6 5. h3 Nc6 6. c3 g6 7. Nf3 Bg7 8. Bf4
O-O 9. O-O a6 10. Re1 b5 11. a3 Bd7 12. Nbd2 Na5 13. Qe2 Re8 14. Ne5 Nc4 15.
Nb3 Nxe5 16. dxe5 Nh5 17. Bh2 Bf8 18. Qf3 e6 19. Nd4 Qg5 20. Kh1 Reb8 21. g4
Ng7 22. Qe2 Qh4 23. Rg1 Qxh3 24. Nf3 Bc6 25. Rg3 Qh6 26. Nd4 Bd7 27. f4 Bc5 28.
Qf3 Ne8 29. f5 Bxd4 30. cxd4 b4 31. Rh3 Qd2 32. fxg6 fxg6 33. Rf1 Nf6 34. exf6
1-0

[Event "258th YMCA Spring B"]
[Site "Warsaw"]
[Date "2022.05.11"]
[Round "6"]
[White "Basiaga, Sebastian"]
[Black "Kacprzak, Karol"]
[Result "1-0"]
[WhiteElo "1740"]
[BlackElo "1705"]
[PlyCount "88"]
[EventDate "2022.04.07"]
[EventType "tourn"]
[EventRounds "1"]
[EventCountry "POL"]
[SourceDate "2022.04.05"]

1. e4 e6 2. d4 d5 3. Nd2 dxe4 4. Nxe4 Nf6 5. Bd3 Nc6 6. Nf3 Nb4 7. Nxf6+ gxf6
8. Be2 Qd5 9. a3 Nc6 10. Bf4 Bd6 11. Bxd6 cxd6 12. Qd3 Bd7 13. c4 Qa5+ 14. Qd2
Qxd2+ 15. Kxd2 Rg8 16. g3 Na5 17. Ke3 Bc6 18. b4 Bxf3 19. Kxf3 Nc6 20. Ke3 e5
21. dxe5 fxe5 22. Bf3 O-O-O 23. Rac1 Nd4 24. Bd5 Rg7 25. Rc3 b6 26. Rhc1 f5 27.
f4 h6 28. Bg2 Rc7 29. a4 Kb8 30. fxe5 dxe5 31. a5 bxa5 32. bxa5 Rd6 33. Bd5 Ra6
34. Ra3 Rd6 35. Rb1+ Kc8 36. Ra4 Rc5 37. Kf2 e4 38. a6 h5 39. Rb7 Rc7 40. Rb2
h4 41. Rd2 hxg3+ 42. hxg3 Nc6 43. c5 Rh6 44. Ke3 Ne5 $138 1-0

[Event "258th YMCA Spring B"]
[Site "Warsaw"]
[Date "2022.05.12"]
[Round "6"]
[White "Szukalski, Antoni"]
[Black "Matyszkiewicz, Wiktor"]
[Result "1/2-1/2"]
[WhiteElo "1724"]
[BlackElo "1769"]
[PlyCount "58"]
[EventDate "2022.04.07"]
[EventType "tourn"]
[EventRounds "1"]
[EventCountry "POL"]
[SourceDate "2022.04.05"]

1. d4 Nf6 2. c4 g6 3. Nc3 Bg7 4. Nf3 O-O 5. g3 c5 6. Bg2 cxd4 7. Nxd4 Nc6 8.
Nxc6 bxc6 9. O-O Ba6 10. Qa4 Bb7 11. c5 a5 12. Rd1 Qc7 13. Bf4 e5 14. Bg5 h6
15. Bxf6 Bxf6 16. Ne4 Be7 17. Nd6 Ba6 18. Qe4 Bxd6 19. Rxd6 Rae8 20. Rad1 Qa7
21. Qe3 Re7 22. Bh3 Bc8 23. Qxh6 Qxc5 24. Qg5 Rfe8 25. Bxd7 Bxd7 26. Rxd7 Rxd7
27. Rxd7 Qc4 28. a3 Qxe2 29. Qd2 Qe4 $11 1/2-1/2

[Event "258th YMCA Spring B"]
[Site "Warsaw"]
[Date "2022.05.11"]
[Round "6"]
[White "Nocek, Dominik"]
[Black "Milczarek, Robert"]
[Result "0-1"]
[WhiteElo "1553"]
[BlackElo "1664"]
[PlyCount "62"]
[EventDate "2022.04.07"]
[EventType "tourn"]
[EventRounds "1"]
[EventCountry "POL"]
[SourceDate "2022.04.05"]

1. e4 c5 2. Nf3 g6 3. d4 cxd4 4. Nxd4 Nc6 5. Be3 Nf6 6. Nc3 Bg7 7. g3 O-O 8. h3
Rb8 9. Bg2 d6 10. O-O Nd7 11. Kh2 Nde5 12. Nde2 Nc4 13. Bc1 b5 14. a3 a5 15. b3
b4 16. axb4 axb4 17. bxc4 bxc3 18. f4 Qc7 19. Rf3 Be6 20. Nxc3 Bxc4 21. Ra4 Nd4
22. Re3 Rfc8 23. Bd2 Rb2 24. Rxc4 Qxc4 25. Nd5 Qxc2 26. Qxc2 Rcxc2 27. Nxe7+
Kf8 28. Rc3 Rxc3 29. Bxc3 Nf3+ 30. Kh1 Rb1+ 31. Bf1 Bxc3 0-1

[Event "258th YMCA Spring B"]
[Site "Warsaw"]
[Date "2022.05.10"]
[Round "6"]
[White "Safanowski, Tomasz"]
[Black "Kuc, Mariusz"]
[Result "1-0"]
[WhiteElo "1664"]
[BlackElo "1747"]
[PlyCount "59"]
[EventDate "2022.04.07"]
[EventType "tourn"]
[EventRounds "1"]
[EventCountry "POL"]
[SourceDate "2022.04.05"]

1. d4 f5 2. g3 Nf6 3. Bg2 g6 4. c4 Bg7 5. Nc3 d6 6. Nf3 O-O 7. O-O Qe8 8. d5 a5
9. Be3 h6 10. Bd4 e5 11. dxe6 Bxe6 12. Nd5 Na6 13. Bxf6 Bxf6 14. Nd4 c6 15.
Nxe6 Qxe6 16. Qd2 g5 17. h4 Kg7 18. Nxf6 Qxf6 19. hxg5 hxg5 20. Rad1 Rad8 21.
f4 g4 22. e4 fxe4 23. Bxe4 Nc5 24. Bg2 Ne6 25. Qe2 Kf7 26. Qxg4 Rg8 27. Qh5+
Ke7 28. Rfe1 Kd7 29. Re3 Nc5 30. Qxc5 1-0

[Event "258th YMCA Spring B"]
[Site "Warsaw"]
[Date "2022.05.12"]
[Round "6"]
[White "Pichurko, Jakub"]
[Black "Mazurek, Jerzy"]
[Result "1/2-1/2"]
[WhiteElo "1818"]
[BlackElo "1741"]
[PlyCount "93"]
[EventDate "2022.04.07"]
[EventType "tourn"]
[EventRounds "1"]
[EventCountry "POL"]
[SourceDate "2022.04.05"]

1. d4 Nf6 2. Nf3 g6 3. Bf4 Bg7 4. e3 O-O 5. Be2 d6 6. h3 b6 7. O-O c5 8. c3 Bb7
9. Nbd2 Nbd7 10. a4 Rc8 11. a5 Qc7 12. Bh2 Bc6 13. axb6 axb6 14. c4 e5 15. d5
Bb7 16. e4 Ra8 17. Qc2 Rfb8 18. Rfb1 Bc8 19. Ne1 Qb7 20. Qc3 Rxa1 21. Rxa1 Ra8
22. Ra3 Bh6 23. Nef3 Nb8 24. g4 Bxd2 25. Nxd2 Ne8 26. f4 f6 27. Kg2 Rxa3 28.
Qxa3 Qa6 29. Qxa6 Nxa6 30. Kg3 h6 31. h4 Nb4 32. Bg1 Kg7 33. Nb1 Nc2 34. Nc3
Bd7 35. Bd1 Nd4 36. Be3 Nc7 37. fxe5 fxe5 38. Ba4 Bxa4 39. Nxa4 b5 40. Nb6 bxc4
41. Nxc4 Ncb5 42. Bd2 h5 43. gxh5 gxh5 44. b4 Nb3 45. Be1 Kf6 46. bxc5 Nxc5 47.
Nd2 $11 1/2-1/2

[Event "258th YMCA Spring B"]
[Site "Warsaw"]
[Date "2022.05.25"]
[Round "6"]
[White "Sloniewska, Alicja"]
[Black "Sypula, Krzysztof"]
[Result "1/2-1/2"]
[WhiteElo "1757"]
[BlackElo "1675"]
[PlyCount "185"]
[EventDate "2022.04.07"]
[EventType "tourn"]
[EventRounds "1"]
[EventCountry "POL"]
[SourceDate "2022.04.05"]

1. d4 Nf6 2. c4 e6 3. Nc3 Bb4 4. e3 b6 5. Nge2 Bb7 6. a3 Bxc3+ 7. Nxc3 d6 8.
Bd3 Nbd7 9. O-O c5 10. Nb5 Qb8 11. b4 a6 12. Nc3 O-O 13. Bb2 d5 14. Ne2 dxc4
15. Bxc4 b5 16. Bd3 cxb4 17. axb4 Qd6 18. Nf4 Rac8 19. f3 Rfd8 20. Qd2 e5 21.
dxe5 Nxe5 22. Bxe5 Qxe5 23. Rac1 Nd5 24. Nxd5 Qxd5 25. Rxc8 Bxc8 26. Rd1 g6 27.
Qc2 Qe5 28. Be4 Re8 29. Rd5 Qe7 30. Qc5 Qf6 31. Qd4 Qe7 32. Rd6 Be6 33. h3 Rc8
34. Kh2 Qc7 35. f4 Qe7 36. Bd3 Qh4 37. f5 Qxd4 38. exd4 Bxf5 39. Bxf5 gxf5 40.
Rxa6 Rc4 41. d5 Rxb4 42. d6 Rd4 43. Rb6 f4 44. Rxb5 Rxd6 45. Rb4 Rf6 46. Rb3
$11 Kg7 47. Rf3 h5 48. Ra3 Kg6 49. Rf3 Kg5 50. Rf2 Re6 51. Rf3 Re3 52. Rf2 h4
53. Rf1 Rg3 54. Ra1 f3 55. gxf3 Rxf3 56. Rg1+ Kh5 57. Rg4 Rf2+ 58. Kg1 Rf6 59.
Kh2 Rg6 60. Rf4 f6 61. Rf5+ Kh6 62. Rf4 Kg5 63. Rg4+ Kh5 64. Rf4 Rh6 65. Kg2
Kg5 66. Rg4+ Kf5 67. Kf3 Rh8 68. Rf4+ Ke5 69. Re4+ Kd5 70. Rf4 Ke5 71. Re4+ Kf5
72. Rf4+ Kg5 73. Rg4+ Kh5 74. Rf4 Kg6 75. Kg4 Rh7 76. Rf3 Kf7 77. Rf4 Rh6 78.
Kf3 Ke6 79. Re4+ Kf5 80. Rf4+ Kg5 81. Rg4+ Kh5 82. Rf4 Rg6 83. Kf2 Rg3 84. Rxf6
Rxh3 85. Kg2 Rg3+ 86. Kh2 Rg5 87. Ra6 Re5 88. Ra8 Kg5 89. Rg8+ Kf4 90. Kh3 Re7
91. Rg4+ Kf3 92. Rxh4 $11 Re1 93. Kh2 1/2-1/2

[Event "258th YMCA Spring B"]
[Site "Warsaw"]
[Date "2022.05.19"]
[Round "7"]
[White "Sypula, Krzysztof"]
[Black "Basiaga, Sebastian"]
[Result "0-1"]
[WhiteElo "1675"]
[BlackElo "1740"]
[PlyCount "102"]
[EventDate "2022.04.07"]
[EventType "tourn"]
[EventRounds "1"]
[EventCountry "POL"]
[SourceDate "2022.04.05"]

1. Nf3 d5 2. c4 e6 3. g3 Nf6 4. Bg2 Nbd7 5. cxd5 exd5 6. d4 Bd6 7. Nc3 c6 8.
O-O O-O 9. Qc2 Re8 10. Bg5 h6 11. Bxf6 Nxf6 12. e3 Bg4 13. a3 a5 14. Ne1 Bh5
15. Nd3 Bg6 16. Qd2 Qb6 17. Rfc1 Ne4 18. Nxe4 Bxe4 19. Bxe4 Rxe4 20. b4 Qa7 21.
Qb2 Re7 22. b5 Rc8 23. a4 Qa8 24. Rc2 Rec7 25. Rac1 Kf8 26. Qb3 Kg8 27. Nf4 g5
28. Nh5 Be7 29. Qd3 Qb8 30. b6 Rd7 31. g4 Qd6 32. Ng3 Qg6 33. Nf5 Bf8 34. h3
Re8 35. Kg2 Re6 36. f3 Rd8 37. Qd2 Bb4 38. Qf2 Rde8 39. Re2 Qf6 40. Qg3 Qd8 41.
h4 gxh4 42. Qf2 Be7 43. Rh1 Qxb6 44. Nxe7+ R8xe7 45. Rxh4 Qxd4 46. Rxh6 Rxe3
47. Rd2 Qxd2 48. Qxd2 Re2+ 49. Qxe2 Rxe2+ 50. Kg3 Ra2 51. Kf4 Kg7 0-1

[Event "258th YMCA Spring B"]
[Site "Warsaw"]
[Date "2022.05.17"]
[Round "7"]
[White "Mazurek, Jerzy"]
[Black "Sloniewska, Alicja"]
[Result "1-0"]
[WhiteElo "1741"]
[BlackElo "1757"]
[PlyCount "55"]
[EventDate "2022.04.07"]
[EventType "tourn"]
[EventRounds "1"]
[EventCountry "POL"]
[SourceDate "2022.04.05"]

1. c4 c6 2. Nf3 d5 3. d4 Nf6 4. Qb3 dxc4 5. Qxc4 Bf5 6. g3 e6 7. Bg2 Nbd7 8.
O-O Be7 9. Nc3 O-O 10. e3 Ne4 11. Nd2 Nd6 12. Qe2 e5 13. dxe5 Nxe5 14. e4 Be6
15. Rd1 Qc7 16. b3 Rad8 17. Bb2 Bg4 18. f3 Be6 19. Nf1 a6 20. Ne3 Nb5 21. Nxb5
cxb5 22. f4 Nc6 23. f5 Bc8 24. Nd5 Bc5+ 25. Kh1 Qb8 26. Nf6+ Kh8 27. Qh5 h6 28.
Nd7 1-0

[Event "258th YMCA Spring B"]
[Site "Warsaw"]
[Date "2022.05.17"]
[Round "7"]
[White "Kuc, Mariusz"]
[Black "Pichurko, Jakub"]
[Result "0-1"]
[WhiteElo "1747"]
[BlackElo "1818"]
[PlyCount "68"]
[EventDate "2022.04.07"]
[EventType "tourn"]
[EventRounds "1"]
[EventCountry "POL"]
[SourceDate "2022.04.05"]

1. e4 c6 2. d4 d5 3. Nc3 dxe4 4. Nxe4 Bf5 5. Nc5 Qc7 6. Bd3 Bxd3 7. Nxd3 e6 8.
Nf3 Nf6 9. O-O Nbd7 10. c4 a5 11. Qe2 Be7 12. Bf4 Bd6 13. Nde5 O-O 14. c5 Bxe5
15. Nxe5 Nd5 16. Bg3 Qd8 17. Nc4 b6 18. Bd6 Re8 19. Rfd1 Qg5 20. cxb6 N7xb6 21.
Nxb6 Nxb6 22. Rac1 Qd5 23. Bc7 Nd7 $11 24. Qc4 Nf6 25. Be5 Ng4 26. Bg3 a4 27.
Qe2 Nh6 28. f3 Qxa2 29. Rxc6 Nf5 30. Bf2 a3 31. Qc2 axb2 32. g4 Reb8 33. Rb1
Qxb1+ 34. Qxb1 Ra1 0-1

[Event "258th YMCA Spring B"]
[Site "Warsaw"]
[Date "2022.05.20"]
[Round "7"]
[White "Matyszkiewicz, Wiktor"]
[Black "Nocek, Dominik"]
[Result "1-0"]
[WhiteElo "1769"]
[BlackElo "1553"]
[PlyCount "119"]
[EventDate "2022.04.07"]
[EventType "tourn"]
[EventRounds "1"]
[EventCountry "POL"]
[SourceDate "2022.04.05"]

1. e4 e5 2. Nf3 Nc6 3. Bb5 a6 4. Ba4 Nf6 5. O-O Be7 6. Re1 b5 7. Bb3 O-O 8. d3
d6 9. c3 Na5 10. Bc2 c5 11. Nbd2 Nc6 12. Nf1 Re8 13. h3 h6 14. a4 b4 15. Ng3
Bf8 16. d4 Rb8 17. a5 Qc7 18. Ba4 Bd7 19. d5 Nxa5 20. Bxd7 Nxd7 21. Nf5 b3 22.
Nh2 c4 23. Qg4 Kh7 24. Re3 g6 25. Rg3 Nf6 26. Qh4 Nh5 27. Ng4 Qd8 28. Rf3 Nb7
29. Qxd8 Nxd8 30. Ng3 Nxg3 31. fxg3 Re7 32. Rxa6 Rc7 33. Nf6+ Kh8 34. Ne8 Rd7
35. Be3 Nb7 36. Nf6 Rc7 37. Rf1 Bg7 38. Ng4 h5 39. Nh2 Bf8 40. g4 hxg4 41. Nxg4
Kg7 42. Bh6+ Kh7 43. Bxf8 Rxf8 44. Ne3 Rd8 45. Rc6 Rdc8 46. Rxf7+ Rxf7 47. Rxc8
Nc5 48. Nxc4 Nxe4 49. Rc6 Ra7 50. Rb6 Ra1+ 51. Kh2 Nc5 52. Rxd6 e4 53. Rc6 Nd3
54. Rb6 Re1 55. d6 Nc5 56. Rb5 Ne6 57. Re5 Ng7 58. d7 Rd1 59. Nb6 Nf5 60. Nd5
1-0

[Event "258th YMCA Spring B"]
[Site "Warsaw"]
[Date "2022.05.13"]
[Round "7"]
[White "Kacprzak, Karol"]
[Black "Szukalski, Antoni"]
[Result "1-0"]
[WhiteElo "1705"]
[BlackElo "1724"]
[PlyCount "167"]
[EventDate "2022.04.07"]
[EventType "tourn"]
[EventRounds "1"]
[EventCountry "POL"]
[SourceDate "2022.04.05"]

1. c4 e5 2. Nc3 d6 3. g3 c5 4. Bg2 Nc6 5. e3 Nf6 6. Nge2 g6 7. O-O Bg7 8. d4
exd4 9. exd4 O-O 10. dxc5 dxc5 11. Qxd8 Rxd8 12. Be3 Be6 13. b3 Nd7 14. Rad1
Rac8 15. Nb5 Be5 16. Nd6 Rb8 17. Nxb7 Rxb7 18. Bxc6 Rc7 19. Bf3 Kf8 20. Nf4 Ke7
21. Nd5+ Bxd5 22. Rxd5 Bd6 23. Rxd6 Kxd6 24. Bf4+ Ne5 25. Rd1+ Ke7 26. Bxe5
Rxd1+ 27. Bxd1 Rd7 28. Bf3 Rd2 29. Bc6 Rxa2 30. Kg2 Ra6 31. Bb5 Rb6 32. Kf3 Re6
33. Bf4 a6 34. Ba4 f6 35. h4 Re1 36. Be3 Kd6 37. Ke4 Ra1 38. Bf4+ Ke6 39. Be3
Kd6 40. Kd3 Ra2 41. Be8 Ke7 42. Bc6 Kd6 43. Bd5 g5 44. h5 h6 45. Bf7 Ke7 46.
Bg8 Kd6 47. Bf7 Ke7 48. Bd5 Kd6 49. Bb7 Kc7 50. Bf3 Kd6 51. Bd1 Kc6 52. Bd2 Kd6
53. f4 Ra1 54. fxg5 fxg5 55. Ke2 Ra2 56. Ke3 Ra1 57. Ke2 Ra2 58. g4 Ke6 59. Kd3
Ra1 60. Be2 Rb1 61. Kc2 Rg1 62. Be3 Rg2 63. Kd3 Kd6 64. Bd1 Rg3 65. Ke4 Rh3 66.
Bf3 Rh2 67. Kd3 Rb2 68. Kc3 Rh2 69. Bb7 Rh3 70. Kd3 Rg3 71. Bc8 Ke5 72. Ke2 Ke4
73. Bb7+ Ke5 74. Bxc5 Rxg4 75. Bf3 Rh4 76. Bf2 Rh3 77. c5 g4 78. Bxg4 Rxb3 79.
c6 Kd6 80. Bf3 Rb4 81. Bc5+ Kxc5 82. c7 Rb2+ 83. Ke3 Rb3+ 84. Kf2 1-0

[Event "258th YMCA Spring B"]
[Site "Warsaw"]
[Date "2022.05.26"]
[Round "8"]
[White "Basiaga, Sebastian"]
[Black "Szukalski, Antoni"]
[Result "1-0"]
[WhiteElo "1740"]
[BlackElo "1724"]
[PlyCount "123"]
[EventDate "2022.04.07"]
[EventType "tourn"]
[EventRounds "1"]
[EventCountry "POL"]
[SourceDate "2022.04.05"]

1. e4 e5 2. Nf3 Nc6 3. Bb5 a6 4. Ba4 Nf6 5. d3 d6 6. c3 Be7 7. O-O O-O 8. Re1
b5 9. Bc2 Re8 10. a4 b4 11. Nbd2 bxc3 12. bxc3 a5 13. Nf1 Bf8 14. Ng3 h6 15. h3
Be6 16. d4 exd4 17. Nxd4 Bd7 18. Ndf5 Ne7 19. Nd4 Nc6 20. Bf4 Ne5 21. Ndf5 Ng6
22. Bd2 Ne7 23. Nd4 Nc6 24. Nb5 Ne5 25. Qe2 c5 26. Bb3 Be6 27. c4 Nc6 28. Bc3
Qe7 29. Rad1 Red8 30. Qb2 Ne8 31. Re3 Nb4 32. Nf5 Bxf5 33. exf5 Qh4 34. Qe2 Nf6
35. Qf3 Rac8 36. Kh2 Qh5 37. g4 Qh4 38. Be1 h5 39. gxh5 Qxh5 40. Qxh5 Nxh5 41.
Rd2 Nf6 42. Rde2 Re8 43. Kg3 Nd3 44. Rxe8 Rxe8 45. Rxe8 Nxe8 46. Bxa5 Nf6 47.
f3 Nd7 48. Bc7 Nc1 49. Bc2 Ne5 50. a5 Nc6 51. a6 Na2 52. Be4 Nab4 53. Bxc6 Nxc6
54. a7 Nxa7 55. Nxa7 d5 56. cxd5 c4 57. Be5 f6 58. Bd4 Kf7 59. Kf4 Ke8 60. Ke4
Kd7 61. Nc6 Bd6 62. Na5 1-0

[Event "258th YMCA Spring B"]
[Site "Warsaw"]
[Date "2022.05.26"]
[Round "8"]
[White "Nocek, Dominik"]
[Black "Kacprzak, Karol"]
[Result "1/2-1/2"]
[WhiteElo "1553"]
[BlackElo "1705"]
[PlyCount "131"]
[EventDate "2022.04.07"]
[EventType "tourn"]
[EventRounds "1"]
[EventCountry "POL"]
[SourceDate "2022.04.05"]

1. e4 c6 2. d4 d5 3. e5 Bf5 4. h4 h5 5. Bd3 Bxd3 6. Qxd3 e6 7. Bg5 Qb6 8. Nd2
c5 9. c3 cxd4 10. cxd4 Nc6 11. Ne2 Nh6 12. O-O Nf5 13. Nf3 Be7 14. Bxe7 Ncxe7
15. Rfc1 O-O 16. a3 Rfc8 17. b4 a6 18. Rc5 Qd8 19. Rac1 b6 20. Rxc8 Nxc8 21. g3
b5 22. Nd2 Nb6 23. Nb3 Nc4 24. Ra1 g5 25. Qf3 gxh4 26. Qxh5 hxg3 27. Nxg3 Qh4
28. Qxh4 Nxh4 29. Nh5 Kh7 30. Nf6+ Kg6 31. Kf1 Kf5 32. Ke2 Rh8 33. a4 Nf3 34.
axb5 axb5 35. Rb1 Nxd4+ 36. Nxd4+ Kxe5 37. Nxb5 Kxf6 38. Nd4 Ra8 39. b5 Ra2+
40. Ke1 Nb6 41. Rc1 Ra4 42. Rc6 Rxd4 43. Rxb6 Ke5 44. Rb8 f5 45. b6 Kd6 46. Kf1
Re4 47. f3 Re3 48. Kf2 f4 49. Rf8 Rb3 50. Rxf4 Rxb6 51. Ke3 Rb3+ 52. Ke2 e5 53.
Rh4 Kc5 54. Ra4 Rb4 55. Ra5+ Kd4 56. Ra2 Kc5 57. Ra5+ Rb5 58. Ra2 Kc6 59. Ra6+
Rb6 60. Ra2 Kd6 61. Ra4 Ke6 62. Rh4 Rb2+ 63. Kd3 Kf5 64. Rh8 Kf4 65. Rf8+ Kg3
66. Rf5 1/2-1/2

[Event "258th YMCA Spring B"]
[Site "Warsaw"]
[Date "2022.05.26"]
[Round "8"]
[White "Safanowski, Tomasz"]
[Black "Matyszkiewicz, Wiktor"]
[Result "0-1"]
[WhiteElo "1664"]
[BlackElo "1769"]
[PlyCount "60"]
[EventDate "2022.04.07"]
[EventType "tourn"]
[EventRounds "1"]
[EventCountry "POL"]
[SourceDate "2022.04.05"]

1. c4 Nf6 2. g3 g6 3. Bg2 Bg7 4. Nc3 O-O 5. Nf3 d5 6. d4 c5 7. dxc5 Qa5 8. O-O
dxc4 9. Qc2 Nc6 10. Be3 Bf5 11. Qa4 Qxa4 12. Nxa4 Nd5 13. Nd4 Nxe3 14. Nxc6
Nxf1 15. Nxe7+ Kh8 16. Nxf5 gxf5 17. Kxf1 Rab8 18. Rc1 b5 19. cxb6 axb6 20. Bd5
b5 21. Nc3 Rfd8 22. Bxf7 Rd2 23. a4 b4 24. Nb5 Rc8 25. b3 c3 26. Ke1 Rf8 27.
Bc4 f4 28. Nc7 fxg3 29. hxg3 Rf5 30. Ne6 Rh5 0-1

[Event "258th YMCA Spring B"]
[Site "Warsaw"]
[Date "2022.05.25"]
[Round "8"]
[White "Pichurko, Jakub"]
[Black "Milczarek, Robert"]
[Result "1/2-1/2"]
[WhiteElo "1818"]
[BlackElo "1664"]
[PlyCount "85"]
[EventDate "2022.04.07"]
[EventType "tourn"]
[EventRounds "1"]
[EventCountry "POL"]
[SourceDate "2022.04.05"]

1. Nf3 Nf6 2. d4 g6 3. Bf4 Bg7 4. e3 O-O 5. Be2 d6 6. h3 c5 7. c3 Qb6 8. Qb3
Be6 9. Qxb6 axb6 10. a3 Bd5 11. Nbd2 Bc6 12. c4 cxd4 13. exd4 d5 14. O-O dxc4
15. Nxc4 Nbd7 16. Be5 Nd5 17. Bxg7 Kxg7 18. Ne3 Nf4 19. Bd1 Rfd8 20. h4 Nf6 21.
g3 N4d5 22. Ne5 Bb5 23. Re1 e6 24. Rc1 Rac8 25. Bf3 Bc6 $11 26. Bg2 Nxe3 27.
fxe3 Bxg2 28. Kxg2 Ne4 29. Red1 f6 30. Nf3 Rc6 31. Rxc6 bxc6 32. Rc1 Rd6 33. b4
Kf7 34. a4 Rd7 35. Rxc6 Ra7 36. Rxb6 Rxa4 37. Rb7+ Kg8 38. b5 Ra2+ 39. Kh1 Nf2+
40. Kg1 Nh3+ 41. Kh1 Nf2+ 42. Kg1 Nh3+ 43. Kh1 1/2-1/2

[Event "258th YMCA Spring B"]
[Site "Warsaw"]
[Date "2022.05.24"]
[Round "8"]
[White "Sloniewska, Alicja"]
[Black "Kuc, Mariusz"]
[Result "1/2-1/2"]
[WhiteElo "1757"]
[BlackElo "1747"]
[PlyCount "56"]
[EventDate "2022.04.07"]
[EventType "tourn"]
[EventRounds "1"]
[EventCountry "POL"]
[SourceDate "2022.04.05"]

1. d4 f5 2. c4 Nf6 3. Nc3 d6 4. Nf3 g6 5. g3 Bg7 6. Bg2 O-O 7. O-O Qe8 8. d5 a5
9. Be3 h6 10. Qd2 Kh7 11. Rab1 Na6 12. a3 a4 13. Rbc1 Bd7 14. Qd3 g5 15. Nd2
Ng4 16. Bd4 Ne5 17. Bxe5 Bxe5 18. e4 f4 19. Nf3 Nc5 20. Qe2 Nb3 21. Rcd1 Bg4
22. Nxg5+ hxg5 23. Qxg4 Qg6 24. Bf3 Kg7 25. Nb5 Rac8 26. Nc3 Ra8 27. Nb5 Rac8
28. Nc3 Ra8 1/2-1/2

[Event "258th YMCA Spring B"]
[Site "Warsaw"]
[Date "2022.06.10"]
[Round "8"]
[White "Sypula, Krzysztof"]
[Black "Mazurek, Jerzy"]
[Result "1-0"]
[WhiteElo "1675"]
[BlackElo "1741"]
[PlyCount "71"]
[EventDate "2022.04.07"]
[EventType "tourn"]
[EventRounds "1"]
[EventCountry "POL"]
[SourceDate "2022.04.05"]

1. Nf3 Nf6 2. c4 g6 3. g3 Bg7 4. Bg2 d6 5. d4 O-O 6. Nc3 Nc6 7. d5 Na5 8. b3
Nxd5 9. Nxd5 Bxa1 10. Bd2 Nxb3 11. axb3 Bg7 12. h4 c6 13. Ne3 h6 14. Qc2 e5 15.
h5 g5 16. g4 Be6 17. Bc3 Qd7 18. Bh3 a5 19. O-O b5 20. Rd1 Qc7 21. Nf5 Rfd8 22.
Nxg7 Kxg7 23. c5 f6 24. Qg6+ Kf8 25. Qxf6+ Qf7 26. Qxh6+ Ke7 27. Nxg5 Qg8 28.
Rxd6 Rxd6 29. cxd6+ Kxd6 30. Ne4+ Kc7 31. Bxe5+ Kb7 32. Nc5+ Kb6 33. Nxe6 a4
34. Bd4+ Kb7 35. Nc5+ Kc7 36. Qf4+ 1-0